|
|
|
|
| LEADER |
00000nab a2200000 a 4500 |
| 001 |
vtls000301653 |
| 003 |
SK-MaSNL |
| 005 |
20260303210059.0 |
| 008 |
111201c1987 xo 0 slo |
| 015 |
|
|
|a SNBRB19rr/mm-uuuuu
|
| 035 |
|
|
|a CL0311772
|
| 040 |
|
|
|a SNKBUCL
|b slo
|c SNKBUCL
|e AACR2
|
| 041 |
0 |
|
|a slo
|
| 044 |
|
|
|a xo
|c SK
|
| 080 |
|
|
|a 82:7.097
|2 1981
|
| 080 |
|
|
|a 7.097
|2 1981
|
| 080 |
|
|
|a 892.7(087.5)
|2 1981
|
| 245 |
0 |
0 |
|a Koník z ebenu
|
| 300 |
|
|
|b Fot. 1.
|
| 600 |
1 |
7 |
|a Sliacky, Ondrej,
|d 1941-
|t Koník z ebenu
|2 snkbucl
|9 1241377
|
| 610 |
2 |
7 |
|a Slovenská televízia
|2 snkbucl
|9 115516
|
| 650 |
0 |
7 |
|a televízne inscenácie
|2 snkbucl
|9 2919
|
| 655 |
|
7 |
|a články z novín a časopisov
|2 snkbucl
|9 267496
|
| 655 |
|
7 |
|a články z odboru literárna veda a krásna literatúra
|2 snkbucl
|9 770045
|
| 773 |
0 |
|
|t Televízia
|g Roč. 22, č. 52 (1987), s. /24/
|
| 850 |
|
|
|a Slovenská národná knižnica v Martine
|a MTA001
|
| 852 |
|
|
|a SNK
|b KIS3GCP
|
| 958 |
|
|
|a RK
|
| 958 |
|
|
|a LX
|
| 992 |
|
|
|a RBX
|
| 999 |
|
|
|c 2198608
|d 2200538
|